PHP & MySQL in Easy Steps / (Record no. 11453)
[ view plain ]
| 000 -LEADER | |
|---|---|
| fixed length control field | 01084nam a2200313 a 4500 |
| 001 - CONTROL NUMBER | |
| JCCL Control Number | 11453 |
| 003 - CONTROL NUMBER IDENTIFIER | |
| JCCL marc code | BD-JhCC |
| 005 - DATE AND TIME OF LATEST TRANSACTION | |
| control field | 20190922114520.0 |
| 008 - FIXED-LENGTH DATA ELEMENTS--GENERAL INFORMATION | |
| fixed length control field | 190622s2012 ii a ob 000 0 eng d |
| 020 ## - INTERNATIONAL STANDARD BOOK NUMBER | |
| Cancelled/invalid ISBN | 9781259029431 |
| 020 ## - INTERNATIONAL STANDARD BOOK NUMBER | |
| Cancelled/invalid ISBN | 1259029433 |
| 020 ## - INTERNATIONAL STANDARD BOOK NUMBER | |
| International Standard Book Number | 9781840788310 |
| 035 ## - SYSTEM CONTROL NUMBER | |
| system control number | (BD-JhCC)11453 |
| 040 ## - CATALOGING SOURCE | |
| Original cataloging agency | NhNaSKC |
| Description conventions | rda |
| -- | pn |
| Transcribing agency | NhNaSKC |
| Modifying agency | BD-JhCC |
| 041 ## - LANGUAGE CODE | |
| Language code of Book | eng |
| 050 14 - LIBRARY OF CONGRESS CALL NUMBER | |
| Classification number | QA76.73.P224 |
| Item number | .M34 2018 |
| 082 04 - DEWEY DECIMAL CLASSIFICATION NUMBER | |
| Classification number | 006.7 |
| DDC Edition number | 23 |
| Author mark and Year | MCG 2012 |
| 100 1# - MAIN ENTRY--PERSONAL NAME | |
| Personal name | Mcgrath, Mike, |
| 245 10 - TITLE STATEMENT | |
| Title | PHP & MySQL in Easy Steps / |
| Statement of responsibility, etc | by Mike Mcgrath. |
| 260 ## - PUBLICATION, DISTRIBUTION, ETC. (IMPRINT) | |
| Place of publication, distribution, etc | New Delhi : |
| Name of publisher, distributor, etc | McGraw Hill, |
| Date of publication, distribution, etc | 2012. |
| 300 ## - PHYSICAL DESCRIPTION | |
| Pagination | 1 online resource (192 pages) : |
| Other physical details | illustrations. |
| Dimensions | 24 cm. |
| 504 ## - BIBLIOGRAPHY, ETC. NOTE | |
| Bibliography, etc | Includes index and bibliographical references. |
| 520 ## - SUMMARY, ETC. | |
| Summary, etc | Written in an easy-to-follow style, this book uses examples to teach the user how to write PHP server-side scripts and how to make MySQL database queries. -- |
| 650 #0 - SUBJECT ADDED ENTRY--TOPICAL TERM | |
| Topical term or geographic name as entry element | PHP (Computer program language) |
| 650 #0 - SUBJECT ADDED ENTRY--TOPICAL TERM | |
| Topical term or geographic name as entry element | MySQL (Electronic resource) |
| 650 #0 - SUBJECT ADDED ENTRY--TOPICAL TERM | |
| Topical term or geographic name as entry element | Web site development. |
| 655 #0 - | |
| Genre/form data or focus term | Electronic books. |
| 942 ## - ADDED ENTRY ELEMENTS (KOHA) | |
| Source of classification or shelving scheme | Dewey Decimal Classification |
| Koha item type | Books |
| Source of classification or shelving scheme | Damaged status | Not for loan | Home library | Current library | Shelving location | Date of accession | Cost, normal purchase price | Total Checkouts | Full call number | Barcode | Date last seen | Copy number | Koha item type |
|---|---|---|---|---|---|---|---|---|---|---|---|---|---|
| Dewey Decimal Classification | JCC Rouf Library | JCC Rouf Library | General Stacks | 06/22/2019 | 1080.00 | 006.7 MCG 2012 | 15125 | 09/22/2019 | C-1 | Books |